000 00315nam a2200133Ia 4500
100 _aGray/ C.B
650 _aElectrical
942 _cBK
654 _aelectrical
245 _aElectrical machines and drive system
260 _bEnglish language book society
_aSingapore
_c1990
300 _a446
546 _aENGLISH
999 _c24328
_d24328